00148 a2200073 45000010005000001000016000052450036000212600017000573400 aAtkins, E.A aSoviet conduct in world affairs abColumbiac